| 000 | 00394nam a2200145Ia 4500 | ||
|---|---|---|---|
| 008 | 230312s9999||||xx |||||||||||||| ||und|| | ||
| 082 |
_a005.133 _bRIC-D |
||
| 100 | _aCatherine Ricardo | ||
| 245 | 0 | _aDataBase System | |
| 260 | _aNew york | ||
| 300 | _a576 | ||
| 546 | _aEng. | ||
| 650 |
_aComputer _vDesigning the physical modle,Designinh the logical model, implementation issues |
||
| 942 | _cBK | ||
| 999 |
_c3165 _d3165 |
||